Senators of the 100th Congress - Statistics

General Stats
  • This quiz has been taken 26 times
  • The average score is 56 of 101
Answer Stats
State Served Answer Years Served/Political Party % Correct
Delaware Joe Biden 1973-2009 (D)
93%
Iowa Chuck Grassley 1981-Present (R)
87%
Alaska Frank Murkowski 1981-2002 (R)
87%
Arizona John McCain 1987-2018 (R)
87%
Kentucky Mitch McConnell 1985-Present (R)
87%
Nevada Harry Reid 1987-2017 (D)
80%
South Carolina Strom Thurmond 1954-1956/1956-2003 (R)
80%
Massachusetts Ted Kennedy 1962-2009 (D)
80%
New York Al D'Amato 1981-1999 (R)
73%
Tennessee Al Gore 1985-1993 (D)
73%
Kansas Bob Dole 1969-1996 (R)
73%
Hawaii Daniel Inouye 1963-2012 (D)
73%
New York Daniel Patrick Moynihan 1977-2001 (D)
73%
New Jersey Frank Lautenberg 1982-2001/2003-2013 (D)
73%
Ohio John Glenn 1974-1999 (D)
73%
Massachusetts John Kerry 1985-2013 (D)
73%
Utah Orrin Hatch 1977-2019 (R)
73%
Vermont Patrick Leahy 1975-2023 (D)
73%
West Virginia Robert Byrd 1959-2010 (D)
73%
Alaska Ted Stevens 1968-2009 (R)
73%
California Alan Cranston 1969-1993 (D)
67%
Wyoming Alan Simpson 1979-1997 (R)
67%
Maryland Barbara Mikulski 1987-2017 (D)
67%
New Jersey Bill Bradley 1979-1997 (D)
67%
Conneticut Chris Dodd 1981-2011 (D)
67%
Rhode Island Claiborne Pell 1961-1997 (D)
67%
South Carolina Fritz Hollings 1966-2005 (D)
67%
West Virginia Jay Rockefeller 1985-2015 (D)
67%
Virginia John Warner 1979-2009 (R)
67%
Conneticut Lowell Weicker 1971-1989 (R)
67%
Montana Max Baucus 1978-2014 (D)
67%
New Mexico Pete Domenici 1973-2009 (R)
67%
Indiana Richard Lugar 1977-2013 (R)
67%
Alabama Richard Shelby 1987-2023 (D)
67%
Georgia Sam Nunn 1972-1997 (D)
67%
Mississippi Thad Cochran 1978-2018 (R)
67%
South Dakota Tom Daschle 1987-2005 (D)
67%
Iowa Tom Harkin 1985-2015 (D)
67%
Pennsylvania Arlen Specter 1981-2011 (R)
60%
Delaware Bill Roth 1971-2001 (R)
60%
Michigan Carl Levin 1979-2015 (D)
60%
Arkansas Dale Bumpers 1975-1999 (D)
60%
Indiana Dan Quayle 1981-1989 (R)
60%
Maine George Mitchell 1980-1995 (D)
60%
Alabama Howell Heflin 1979-1997 (D)
60%
North Carolina Jesse Helms 1973-2003 (R)
60%
Rhode Island John Chafee 1976-1999 (R)
60%
Mississippi John C. Stennis 1947-1989 (D)
60%
Missouri John Danforth 1976-1995 (R)
60%
Missouri Kit Bond 1987-2011 (R)
60%
Texas Lloyd Bentsen 1971-1993 (D)
60%
Kansas Nancy Kassebaum 1978-1997 (R)
60%
Maryland Paul Sarbanes 1977-2007 (D)
60%
Illinois Paul Simon 1985-1997 (D)
60%
California Pete Wilson 1983-1991 (R)
60%
Kentucky Wendell Ford 1974-1999 (D)
60%
Florida Bob Graham 1987-2005 (D)
53%
Oregon Bob Packwood 1969-1995 (R)
53%
Washington Brock Adams 1987-1993 (D)
53%
Arkansas David Pryor 1979-1997 (D)
53%
Arizona Dennis DeConcini 1977-1995 (D)
53%
New Mexico Jeff Bingaman 1983-2013 (D)
53%
Louisiana John Breaux 1987-2005 (D)
53%
Pennsylvania John Heinz 1977-1991 (R)
53%
Texas Phil Gramm 1985-2002 (R)
53%
Maine William Cohen 1979-1997 (R)
53%
Wisconsin William Proxmire 1957-1989 (D)
53%
Minnesota David Durenberger 1978-1995 (R)
47%
Ohio Howard Metzenbaum 1974/1976-1995 (D)
47%
North Dakota Kent Conrad 1987-1992/1992-2013 (D)
47%
South Dakota Larry Pressler 1979-1997 (R)
47%
Oregon Mark Hatfield 1967-1997 (R)
47%
Minnesota Rudy Boschwitz 1978-1991 (R)
47%
Illinois Alan Dixon 1981-1993 (D)
40%
Oklahoma David Boren 1979-1994 (D)
40%
Michigan Don Riegle 1976-1995 (D)
40%
Vermont Robert Stafford 1971-1989 (R)
40%
North Carolina Terry Sanford 1986-1993 (D)
40%
Colorado Tim Wirth 1987-1993 (D)
40%
Wisconsin Bob Kasten 1981-1993 (R)
33%
Washington Daniel Evans 1983-1989 (R)
33%
Oklahoma Don Nickles 1981-2005 (R)
33%
Louisiana J. Bennett Johnston 1972-1997 (D)
33%
Tennessee Jim Sasser 1977-1995 (D)
33%
Nebraska J. James Exon 1979-1997 (D)
33%
Florida Lawton Chiles 1971-1989 (D)
33%
North Dakota Quentin Burdick 1960-1992 (D)
33%
Hawaii Spark Matsunaga 1977-1990 (D)
33%
Idaho Steve Symms 1981-1993 (R)
33%
New Hampshire Warren Rudman 1980-1993 (R)
33%
Colorado William Armstrong 1979-1991 (R)
33%
Nevada Chic Hecht 1983-1989 (R)
27%
Nebraska Edward Zorinsky 1976-1987 (D)
27%
New Hampshire Gordon J. Humphrey 1979-1990 (R)
27%
Utah Jake Garn 1974-1993 (R)
27%
Idaho Jim McClure 1973-1991 (R)
27%
Wyoming Malcolm Wallop 1977-1995 (R)
27%
Georgia Wyche Fowler 1987-1993 (D)
27%
Nebraska David Karnes 1987-1989 (R)
20%
Montana John Melcher 1977-1989 (D)
20%
Virginia Paul Trible 1983-1989 (R)
20%
No matching quizzes found
Score Distribution
Percent of People with Each Score
Percentile by Number Answered
Your Score History
You have not taken this quiz